Every ATP tournament won by Taylor Fritz - Statistics

General Stats
  • This quiz has been taken 12 times
  • The average score is 6 of 10
Answer Stats
Year ATP Title % Correct
2022 Indian Wells
100%
2019 Eastbourne
63%
2022 Eastbourne
63%
2024 Eastbourne
63%
2025 Eastbourne
63%
2023 Delray Beach
50%
2024 Delray Beach
50%
2022 Tokyo
50%
2025 Stuttgart
38%
2023 Atlanta
13%
No matching quizzes found
Score Distribution
Percent of People with Each Score
Percentile by Number Answered
Your Score History
You have not taken this quiz